Generalised theory of electical machines / (Record no. 342708)
[ view plain ]
| 000 -LEADER | |
|---|---|
| fixed length control field | 00534cam a2200217ua 4500 |
| 020 ## - INTERNATIONAL STANDARD BOOK NUMBER | |
| Terms of availability | 125.00 |
| 041 ## - LANGUAGE CODE | |
| Language code of text/sound track or separate title | eng |
| Language code of original | |
| 082 ## - DEWEY DECIMAL CLASSIFICATION NUMBER | |
| Classification number | 621.310 42 |
| Item number | BIM/GE |
| 100 ## - MAIN ENTRY--PERSONAL NAME | |
| Personal name | Bimbhra, P S . |
| 245 ## - TITLE STATEMENT | |
| Title | Generalised theory of electical machines / |
| Statement of responsibility, etc. | P S Bimbhra. |
| Medium | Textual Documents |
| 250 ## - EDITION STATEMENT | |
| Edition statement | 5 / |
| Remainder of edition statement | . |
| 260 ## - PUBLICATION, DISTRIBUTION, ETC. (IMPRINT) | |
| Place of publication, distribution, etc. | Delhi : |
| Name of publisher, distributor, etc. | Khanna publishers , |
| Date of publication, distribution, etc. | 1996. |
| 300 ## - PHYSICAL DESCRIPTION | |
| Extent | 1151 ; . |
| 365 ## - TRADE PRICE | |
| Price type code | 125.00 |
| 500 ## - GENERAL NOTE | |
| General note | *CSS |
| 504 ## - BIBLIOGRAPHY, ETC. NOTE | |
| Bibliography, etc | |
| 942 ## - ADDED ENTRY ELEMENTS (KOHA) | |
| Koha item type | Books (General) |
| Withdrawn status | Lost status | Damaged status | Not for loan | Home library | Current library | Shelving location | Date acquired | Total Checkouts | Full call number | Barcode | Date last seen | Price effective from | Koha item type |
|---|---|---|---|---|---|---|---|---|---|---|---|---|---|
| Kelappaji College of Agricultural Engineering & Technology Library, Tavanur | Kelappaji College of Agricultural Engineering & Technology Library, Tavanur | 06/09/2018 | 621.310 42 BIM/GE | KAU_KCAEFT-19137 | 06/09/2018 | 06/09/2018 | Book Bank scheme for SC students | ||||||
| Kelappaji College of Agricultural Engineering & Technology Library, Tavanur | Kelappaji College of Agricultural Engineering & Technology Library, Tavanur | 06/09/2018 | 621.310 42 BIM/GE | KAU_KCAEFT-19138 | 06/09/2018 | 06/09/2018 | Book Bank scheme for SC students | ||||||
| Kelappaji College of Agricultural Engineering & Technology Library, Tavanur | Kelappaji College of Agricultural Engineering & Technology Library, Tavanur | 06/09/2018 | 621.310 42 BIM/GE | KAU_KCAEFT-19139 | 06/09/2018 | 06/09/2018 | Book Bank scheme for SC students |
